Представление документа в формате RUSMARC

ПолеНазваниеЗначение
  Тип записи a
  Библиографический уровень m
001 Контрольный номер RU/SLIB/B/208732743
005 Дата корректировки 20201206204028.0
010 Индекс ISBN __
d Цена 3-30
101 Язык документа __
a Язык текста rus
200 Заглавие и сведения об ответственности __
a Заглавие СССР. Административно-территориальное деление союзных республик на 1 января 1983 года
b Общее обозначение материала Текст
210 Выходные данные __
a Место издания М.
c Издательство [б. и.]
d Дата издания 1983
215 Физическое описание __
a Объем 720 с.
606 Тематические рубрики __
a Основная рубрика Право
z Хронологическая подрубрика 1983 г.; 20 в.
y Географическая подрубрика СССР; Россия
606 Тематические рубрики __
a Основная рубрика Государство, его структура и символы
610 Ключевые слова __
a Ключевые слова административное деление
686 Индексы других классификаций __
a Классификационный индекс 67.400.532(2); ст67.400
801 Источник записи _0
a Страна RU
b Организация Муниципальное бюджетное учреждение культуры "Централизованная библиотечная система" г. Сургут (Центральная городская библиотека им. А. С. Пушкина)
g Правила каталогизации КиК/Уланова
801 Источник записи _1
a Страна RU
b Организация Муниципальное бюджетное учреждение культуры "Централизованная библиотечная система" г. Сургут (Центральная городская библиотека им. А. С. Пушкина)
g Правила каталогизации КиК/Уланова
852 Данные о местонахождении __
j Шифр хранения 67.400.532(2)
c Каталожный индекс 67.400(2)
i Авторский знак С 76
p Инвентарный номер 16505; 22165(п)
901 Тип документа __
t Тип документа m
990 Данные о заказе (DOS) __
j Количество экземпляров (DOS) 3